Catálogo
 En Linea

Huellas de una Gestión. (Registro nro. 16195)

Detalles MARC
000 -CABECERA
campo de control de longitud fija 00525nas a2200169 a 4500
001 - NÚMERO DE CONTROL
campo de control 000016662
005 - FECHA Y HORA DE LA ÚLTIMA TRANSACCIÓN
campo de control 20200929164938.0
008 - DATOS DE LONGITUD FIJA--INFORMACIÓN GENERAL
campo de control de longitud fija 100308c20059999dr ur1 0 0spa d
040 ## - FUENTE DE LA CATALOGACIÓN
Centro catalogador/agencia de origen DO-SdBNP
Centro/agencia transcriptor spa
043 ## - CÓDIGO DE ÁREA GEOGRÁFICA
Código de área geográfica nwdr---
245 00 - MENCIÓN DE TÍTULO
Título Huellas de una Gestión.
260 ## - PUBLICACIÓN, DISTRIBUCIÓN, ETC.
Lugar de publicación, distribución, etc. Santo Domingo :
Nombre del editor, distribuidor, etc. Huellas de una gestíon.
300 ## - DESCRIPCIÓN FÍSICA
Extensión v. :
Otras características físicas il. ;
Dimensiones 28 cm.
310 ## - PERIODICIDAD ACTUAL
Periodicidad actual Desconocido
362 0# - FECHAS DE PUBLICACIÓN Y/O DESIGNACIÓN SECUENCIAL
Fecha de publicación y/o designación secuencial Año 1. No. 1. (oct. 2005)
500 ## - NOTA GENERAL
Nota general Órgano de difusión de la labor legislativa , política y social de Victor Bizonó Haza.

No hay ítems disponibles.

Con tecnología Koha